| 000 | 00655nam a2200217Ia 4500 | ||
|---|---|---|---|
| 003 | GCL | ||
| 008 | 140319s9999 xx 000 0 ara d | ||
| 040 |
_aGCL / _cGCL |
||
| 082 | 0 | 4 |
_a194 _bد م |
| 100 | 1 | _aسالم يفوث | |
| 245 | 1 | 0 |
_aالمعرفة والسلطة مدخل لقراءة فوكو / _cسالم يفوث |
| 700 | 1 | _aدلوز، جيل | |
| 260 |
_a[S.N] : _bالمركز الثقافى العربى ، _c1987 |
||
| 300 | _a151 | ||
| 490 | _a | ||
| 650 | 0 | 4 | _aالفلسفة |
| 650 | 0 | 4 | _aالفلسفة الحديثة |
| 650 | 0 | 4 | _aالفلسفة الغربية |
| 650 | 0 | 4 | _aالفلاسفة الالمان |
| 942 |
_2ddc _cBK |
||
| 999 |
_c29237 _d29237 |
||